000
00226nam a2200097Ia 4500
008
190216s9999||||xx |||||||||||||| ||und||
100
_a
Chandrika B T
245
0
_a
Dravida Shilpakala
260
_b
Kerala Basha Inst
942
_c
BK
999
_c
37694
_d
37694